[Event "Madrid-ch Previa-B"]
[Site "Madrid"]
[Date "2020.02.15"]
[Round "5"]
[White "Rodriguez Torres, Manuel"]
[Black "Narvaez Parra, Vicente"]
[Result "1/2-1/2"]
[WhiteElo "1595"]
[BlackElo "1808"]
[PlyCount "70"]
[EventDate "2020.02.06"]
[EventType "swiss"]
[EventRounds "9"]
[EventCountry "ESP"]
[SourceTitle "CBM 195 Extra"]
[Source "ChessBase"]
[SourceDate "2020.05.31"]
[SourceVersion "1"]
[SourceVersionDate "2020.05.31"]
[SourceQuality "1"]

1. e4 c6 2. d4 d5 3. f3 Nf6 4. e5 Nfd7 5. f4 e6 6. Nf3 c5 7. c3 Nc6 8. Bd3 c4 9. Bc2 g6 10. b3 cxb3 11. axb3 Bh6 12. f5 Bxc1 13. Qxc1 exf5 14. 0-0 Nb6 15. Qh6 Qe7 16. Nbd2 Be6 17. Bd3 a6 18. Rac1 Rd8 19. Rfe1 Qf8 20. Qe3 Qg7 21. Bf1 0-0 22. c4 Rfe8 23. c5 Nd7 24. Qc3 g5 25. Qe3 f4 26. Qf2 Nf8 27. Bd3 Nb4 28. Bb1 h5 29. Rc3 Qh6 30. Rf1 Ng6 31. h4 g4 32. Bxg6 g3 33. Bxf7+ Bxf7 34. Qe1 Bg6 35. Qd1 Na2 1/2-1/2

[Event "Madrid-ch Previa-B"]
[Site "Madrid"]
[Date "2020.02.08"]
[Round "3"]
[White "Santamaria Baeza, Adolfo"]
[Black "Rodriguez Torres, Manuel"]
[Result "1-0"]
[WhiteElo "1857"]
[BlackElo "1595"]
[PlyCount "63"]
[EventDate "2020.02.06"]
[EventType "swiss"]
[EventRounds "9"]
[EventCountry "ESP"]
[SourceTitle "CBM 195 Extra"]
[Source "ChessBase"]
[SourceDate "2020.05.31"]
[SourceVersion "1"]
[SourceVersionDate "2020.05.31"]
[SourceQuality "1"]

1. e4 c5 2. Nf3 Nc6 3. Bc4 e6 4. 0-0 d6 5. c3 Nf6 6. Re1 Be7 7. d4 cxd4 8. cxd4 0-0 9. Nc3 a6 10. Bb3 Qc7 11. Qe2 Re8 12. Bg5 h6 13. Bh4 b5 14. Rac1 Qb6 15. d5 Na5 16. dxe6 fxe6 17. Bc2 Bb7 18. e5 Bxf3 19. Qxf3 dxe5 20. Rxe5 Nc4 21. Re2 Rad8 22. Bxf6 Bxf6 23. Bg6 Rf8 24. Qg4 Ne5 25. Qg3 Nxg6 26. Qxg6 Be5 27. h3 Rf6 28. Qg4 Rd4 29. Ne4 Rf4 30. Qg6 Rfxe4 31. Rxe4 Bf6 32. Rxd4 1-0

[Event "Madrid-ch Previa-B"]
[Site "Madrid"]
[Date "2020.02.06"]
[Round "1"]
[White "Marin Aso, Jose Luis"]
[Black "Rodriguez Torres, Manuel"]
[Result "1-0"]
[WhiteElo "1906"]
[BlackElo "1595"]
[PlyCount "69"]
[EventDate "2020.02.06"]
[EventType "swiss"]
[EventRounds "9"]
[EventCountry "ESP"]
[SourceTitle "CBM 195 Extra"]
[Source "ChessBase"]
[SourceDate "2020.05.31"]
[SourceVersion "1"]
[SourceVersionDate "2020.05.31"]
[SourceQuality "1"]

1. c4 e5 2. Nc3 Bb4 3. Qc2 Nf6 4. Nf3 Nc6 5. e3 0-0 6. Nd5 Re8 7. Qf5 d6 8. Nxf6+ gxf6 9. Qh5 d5 10. cxd5 Qxd5 11. Be2 Kh8 12. Qh4 Be7 13. Bc4 Qa5 14. Bxf7 Bf5 15. 0-0 Rf8 16. Bc4 e4 17. Ne1 Ne5 18. Be2 Rg8 19. Qf4 Bd6 20. Qh4 Rg6 21. f4 exf3 22. Nxf3 Rag8 23. Ne1 Qd5 24. Rf2 Ng4 25. Bxg4 Bxg4 26. d3 Rg5 27. e4 Rh5 28. Qxf6+ Rg7 29. exd5 Bxh2+ 30. Kf1 Bg3 31. Nf3 Rh1+ 32. Ke2 Bh4 33. Qxg7+ Kxg7 34. Bh6+ Kxh6 35. Rxh1 1-0